El doctor Lañuela (Record no. 163956)

MARC details
000 -LEADER
campo de control de longitud fija 00625nam a22001815i 4500
001 - NÚMERO DE CONTROL
campo de control 163956
003 - IDENTIFICADOR DE NÚMERO DE CONTROL
campo de control ES-MaACL
005 - FECHA Y HORA DE LA ÚLTIMA TRANSACCIÓN
campo de control 20230906212839.0
008 - DATOS DE LONGITUD FIJA--INFORMACIÓN GENERAL
campo de control de longitud fija 940615s1863 sp |||| | spa d
040 ## - FUENTE DE CATALOGACIÓN
Centro catalogador/agencia de origen CAM
Lengua de catalogación spa
100 1# - ENTRADA PRINCIPAL--NOMBRE DE PERSONA
Nombre de persona Ros de Olano, Antonio.
9 (RLIN) 99585
245 13 - MENCIÓN DEL TÍTULO
Título El doctor Lañuela
Resto del título : episodio sacado de las memorias inéditas de un tal Joséf /
Mención de responsabilidad, etc. por Antonio Ros de Olano.
260 ## - PUBLICACIÓN, DISTRIBUCIÓN, ETC.
Lugar de publicación, distribución, etc. Madrid :
Nombre del editor, distribuidor, etc. [s.n.],
Fecha de publicación, distribución, etc. 1863 (
Fabricante Imp. Manuel Galiano)
300 ## - DESCRIPCIÓN FÍSICA
Extensión 284, [1] p. ;
Dimensiones 24 cm.
700 11 - ENTRADA AGREGADA--NOMBRE PERSONAL
Nombre de persona Galiano, Manuel,
Término indicativo de función/relación
9 (RLIN) 127186
852 ## - LOCALIZACIÓN
Ubicación ES-MaACL
Número de control de estantería B-4376
Nota libre -- Rust.
852 ## - LOCALIZACIÓN
Ubicación ES-MaACL
Número de control de estantería G-12539
Nota libre -- Enc. hol.
Holdings
Estatus retirado Estado de pérdida Estado de daño No para préstamo Colección Biblioteca de origen Biblioteca actual Ubicación en estantería Fecha de adquisición Fuente de adquisición Total de préstamos Signatura topográfica completa Código de barras Visto por última vez Precio de reemplazo Tipo de ítem Koha
        Libros del s. XIX Biblioteca del Ateneo de Madrid Biblioteca del Ateneo de Madrid Sala Pecera Planta 3 17/01/2008     G-12539 1171838 23/02/2023 23/02/2023 Libro impreso antiguo
        Libros del s. XIX Biblioteca del Ateneo de Madrid Biblioteca del Ateneo de Madrid Sala Pardo Bazán 17/01/2008     B-4376 1171837 23/02/2023 23/02/2023 Libro impreso antiguo